Barpeta jila: (Record no. 11829)

MARC details
000 -LEADER
fixed length control field 00624nam a22001937a 4500
005 - DATE AND TIME OF LATEST TRANSACTION
control field 20240520063815.0
008 - FIXED-LENGTH DATA ELEMENTS--GENERAL INFORMATION
fixed length control field 240520b |||||||| |||| 00| 0 eng d
020 ## - INTERNATIONAL STANDARD BOOK NUMBER
International Standard Book Number 9789387494060
040 ## - CATALOGING SOURCE
Original cataloging agency IN-DiNC
Transcribing agency IN-DiNC
041 ## - LANGUAGE CODE
Language code of sung or spoken text Assamese
082 ## - DEWEY DECIMAL CLASSIFICATION NUMBER
Classification number 301.0954162
Item number BAR
245 ## - TITLE STATEMENT
Title Barpeta jila:
Remainder of title ek samagrik adhyayan/
Statement of responsibility, etc. ed. by Pankaj Kalita and Partha Pratim Choudhury
260 ## - PUBLICATION, DISTRIBUTION, ETC.
Place of publication, distribution, etc. Guwahati:
Name of publisher, distributor, etc. Assam College Teachers Association,
Date of publication, distribution, etc. 2018.
300 ## - PHYSICAL DESCRIPTION
Extent viii, 238p.
650 ## - SUBJECT ADDED ENTRY--TOPICAL TERM
Topical term or geographic name entry element A comprehensive study of Barpeta District
700 ## - ADDED ENTRY--PERSONAL NAME
Personal name Kalita, Pankaj
Relator term Editor
700 ## - ADDED ENTRY--PERSONAL NAME
Personal name Choudhury, Partha Pratim
Relator term Editor
942 ## - ADDED ENTRY ELEMENTS (KOHA)
Source of classification or shelving scheme Dewey Decimal Classification
Koha item type Books
Holdings
Withdrawn status Lost status Source of classification or shelving scheme Damaged status Not for loan Collection code Home library Current library Shelving location Date acquired Cost, normal purchase price Total Checkouts Full call number Barcode Date last seen Copy number Price effective from Koha item type
    Dewey Decimal Classification     Sociology Central Library, Naharkatiya College Central Library, Naharkatiya College General Stacks 20/05/2024 250.00   301.0954162 BAR 26259 20/05/2024 1 20/05/2024 Books

Naharkatiya College © 2020. All rights reserved.

Powered By